Songs In Speak Now In Alphabetical Order - Statistics

General Stats
  • This quiz has been taken 29 times
  • The average score is 18 of 22
Answer Stats
Songs % Correct
Back To December
100%
Castles Crumbling (feat. Hayley Williams)
100%
Dear John
100%
Enchanted
100%
Better Than Revenge
86%
Electric Touch (feat. Fall Out Boy)
86%
Haunted
86%
Timeless
86%
When Emma Falls in Love
86%
Foolish One
79%
Innocent
79%
Long Live
79%
Mean
79%
Mine
79%
Speak Now
79%
The Story Of Us
79%
I Can See You
71%
Last Kiss
71%
Never Grow Up
71%
Ours
71%
Sparks Fly
71%
Superman
71%
No matching quizzes found
Score Distribution
Percent of People with Each Score
Percentile by Number Answered
Your Score History
You have not taken this quiz